| 000 | 00341nam a22001217a 4500 | ||
|---|---|---|---|
| 008 | 230621b xxu||||| |||| 00| 0 eng d | ||
| 082 |
_a328.3 _bIPU 2002 |
||
| 245 |
_aThe World of Parliaments _bQuarterly Review of the Inter-Parliamentary Union |
||
| 260 |
_bInter-Parliamentary Union _c2002 |
||
| 300 | _a12p | ||
| 440 | _n8 | ||
| 942 |
_2ddc _cBK |
||
| 999 |
_c2227 _d2227 |
||